El patito feo / (Registro nro. 14375)

Detalles MARC
000 -LIDER
fixed length control field 00797nam a22002657a 4500
001 - NÚMERO DE CONTROL
Identificador de número de control 00105
003 - IDENTIFICACDOR DE NÚMERO DE CONTROL
control field DO-SdBNP
005 - DATE AND TIME OF LATEST TRANSACTION
control field 20230313115212.0
007 - CAMPOS FIJOS DE DESCRIPCIÓN FÍSICA
fixed length control field 00105
008 - ELEMENTOS DE LONGITUD FIJA
fixed length control field 160317b 1984 sp|||| 00| 0 spa d
020 ## - ISBN
International Standard Book Number 8424155254
040 ## - FUENTE DE CATALOGACIÓN
Agencia que crea de manera original el registro BPMSU
Idioma de catalogación spa
Agencia que realiza la transcripción BPMSU
082 #4 - NÚMERO DE CLASIFICACIÓN DECIMAL DE DEWEY
Classification number 839.81
Item number A544p 1984
Edition number 22
100 1# - ASIENTO PRINCIPAL -- NOMBRE PERSONAL
Nombre personal Andersen, Hans Christian,
Fechas asociadas con el nombre 1805-1875.
245 00 - MENCIÓN DE TITULO
Título El patito feo /
Mención de responsabilidad Hans Christian Andersen ; ilustrado por Tiziana Gironi
Subtítulo
250 ## - MENCIÓN DE EDICION
Mención de edición 3a. ed.
260 ## - PUBLICACIÓN, DISTRIBUCIÓN, ETC. (PIE DE IMPRENTA)
Lugar de publicación, distribución, etc León, España :
Nombre del editor, distribuidor, etc. Editorial Everest,
Fecha de publicación, distribución, etc 1984
300 ## - DESCRIPCIÓN FÍSICA
Extensión 47p. :
Otros detalles físicos il., ;
Dimensiones 28 cm.
490 0# - MENCIÓN DE SERIES
Mención de serie Cuentos de hadas Everest
590 ## - NOTA LOCAL
Enlace Inventariado, 2023/VM
650 #4 - ENCABEZAMIENTO DE MATERIA--TEMÁTICO
Término temático o nombre geográfico como elemento de entrada Cuentos infantiles daneses.
700 1# - ASIENTO SECUNDARIO -- NOMBRE PERSONAL
Nombre personal Gironi, Tiziana
Mención de responsabilidad il.
910 ## - VALIDACIÓN
Validación VMateo V. Control de calidad (BPMSU)
942 ## - ADDED ENTRY ELEMENTS (KOHA)
Source of classification or shelving scheme Dewey Decimal Classification
Koha item type Libros
Existencias
Withdrawn status Lost status Source of classification or shelving scheme Damaged status Not for loan Collection code Home library Current library Date acquired Total Checkouts Full call number Barcode Date last seen Price effective from Koha item type
    Dewey Decimal Classification     Colección Infantil General Biblioteca Pública Metropolitana Salomé Ureña Biblioteca Pública Metropolitana Salomé Ureña 03/13/2023   BPMSU CGI 839.81 A544p 1984 BPMSU23030019 03/13/2023 03/13/2023 Libros